Statistics for Greek Mythology 4

Click here to take the quiz!

General Stats

  • This quiz has been taken 82 times
  • The average score is 8 of 15

Answer Stats

HintAnswer% Correct
The three headed dog who guards the underworldCerberus
97%
The Goddess of Wisdom and Tactical WarfareAthena
90%
The nine musical daughters of ApolloMuses
75%
God of blacksmiths and forgesHephaestus
74%
Half-horse, half-man, teacher of JasonChiron
69%
Boatman across the River of Hate (Styx)Charon
61%
God of death, servant to HadesThanatos
61%
Played the sweetest melodies on his lyre to tame the aboveOrpheus
51%
The name of the titan of the SeaOceanus
46%
Now known for being in the constellation of GeminiCastor/Pollux
44%
The Underworld River that wipes your memoryLethe
41%
Heracles's second labour: The Lernean ______Hydra
38%
The fastest horse on the planet, son of Poseidon and DemeterArion
25%
Hero whose life depended on a log from a fireplaceMeleager
7%
Island where the above crash landed from Olympus the second time he fellLemnos
3%

Score Distribution

Percentile by Number Answered

Percent of People with Each Score

Your Score History

You have not taken this quiz